| 000 | 00628nam a22002057a 4500 | ||
|---|---|---|---|
| 999 |
_c21563 _d21563 |
||
| 003 | OSt | ||
| 005 | 20210624092129.0 | ||
| 008 | 170130b xxu||||| |||| 00| 0 eng d | ||
| 020 | _a0761911820 | ||
| 040 |
_aMMU _beng _cMMU _dMMU |
||
| 050 | _aRT120.P37 1998 | ||
| 100 | _aTwadell Phyllis Ann Solari | ||
| 245 |
_aParis nursing: _bpromoting whole person health within faith communities/ _cPhyllis Anne Solar -Twadell |
||
| 260 |
_aLondon: _bSage, _c1998. |
||
| 300 | _axxvii,315 p. : | ||
| 500 | _aIncludes bibliographical references and index | ||
| 650 | _aNursing | ||
| 700 | _aMary Anne McDermott | ||
| 942 |
_2lcc _cLOAN LOAN |
||